000 00570cam a2200205 4500500
005 20260405000535.0
041 _afre
042 _adc
100 1 0 _aChevallier, Philippe
_eauthor
245 0 0 _aLes impromptus de Dylan
260 _c2007.
500 _a53
690 _aBob Dylan
690 _aCinéma
690 _aFolk
690 _aPop
690 _aRock
786 0 _nPhilosophie magazine | 15 | 12 | 2007-12-01 | p. 45-46 | 1951-1787
856 4 1 _uhttps://shs.cairn.info/magazine-philosophie-magazine-2007-12-page-45?lang=fr&redirect-ssocas=7080
999 _c2038170
_d2038170